header

Lincoln and the Civil War (Record no. 145816)

MARC details
000 -LEADER
fixed length control field 01829nam a2200409 a 4500
082 04 - DEWEY DECIMAL CLASSIFICATION NUMBER
Classification number 973.7092
100 1# - MAIN ENTRY--AUTHOR NAME
Personal name Burlingame, Michael,
245 10 - TITLE STATEMENT
Title Lincoln and the Civil War
260 ## - PUBLICATION, DISTRIBUTION, ETC. (IMPRINT)
Place of publication Carbondale :
Name of publisher Southern Illinois University Press,
Year of publication 2011.
300 ## - PHYSICAL DESCRIPTION
Number of Pages 165 p.
490 1# - SERIES STATEMENT
Series statement Concise Lincoln library
505 0# - FORMATTED CONTENTS NOTE
Formatted contents note The election of 1860 and southern secession -- From election to inauguration -- The Fort Sumter crisis -- The war begins -- Stalemate -- War in earnest -- Dealing with slavery -- Winter of discontent -- The tide turns -- Reelection -- Endgame.
650 #0 - SUBJECT ADDED ENTRY--TOPICAL TERM
Topical Term Presidents
856 40 - ELECTRONIC LOCATION AND ACCESS
Uniform Resource Identifier http://site.ebrary.com/lib/rucke/Doc?id=10528281

No items available.

© 2026 Rongo University
Contact us: librarian | system librarian | Rongo university